00613nam a2200241Ia 4500008004100000020001800041050000800059050001400067100002100081245005600102245002400158250001800182260001600200260001900216260000900235300002200244300002000266300001000286500002000296650002500316700001100341999001900352170711s9999 xx 000 0 und d a9789380540979 a910 bC552 2010 aChoudhary, Vikas aInternational tourism and sustainable development / cby Vikas Choudhary. aFirst edition aNew Delhi : bCentrum Press, c2010 aviii, 240 pages : billustrations ; c21cm. aIncludes index. aSustainable tourism. aTitle. c339598d339598